Menej známe ovocniny

Bibliographic Details
Main Author: Šimánek, Ján (Author)
Format: Book
Language:Slovak
PhysicalDescription:155 s. fotogr., ilustr. 20 cm
Published: Bratislava Príroda 1977
Edition:1. vyd.
Series:Knižnica záhradkára
Subjects:

MARC

LEADER 00000cam a2200000 a 4500
001 vtls009598000
003 SK-MaSNL
005 20260302043748.0
008 240315s1977 xo a grn 000 0 slo
015 |a SNBA1977 
040 |a SNK  |b slo  |c SNK  |e AACR2 
041 0 |a slo 
044 |a xo  |c SK 
100 1 |a Šimánek, Ján  |4 aut  |9 433843 
245 1 0 |a Menej známe ovocniny  |c J. Šimánek a kol. 
250 |a 1. vyd. 
260 |a Bratislava  |b Príroda  |c 1977 
300 |a 155 s.  |b fotogr., ilustr.  |c 20 cm 
490 1 |a Knižnica záhradkára 
504 |a Obsahuje bibliografiu 
650 0 7 |a ovocné rastliny  |2 SNKPH  |9 83656 
650 0 7 |a pestovanie ovocných rastlín  |2 SNKPH  |9 58914 
655 7 |a príručky  |2 SNKPH  |9 74364 
830 0 |a Knižnica záhradkára  |9 351932 
958 |a OND 
999 |c 1087821  |d 1089751 
952 |a SNK  |b SNK  |y VYP  |7 0  |p 17A1023528  |o snkSD 47187 D1  |i snkKSP 5524/77  |0 0  |1 0  |4 0  |d 2013-10-16  |l 0  |r 2026-02-24 16:47:23  |w 2026-02-24